| 000 | 01042nam a2200265 a 4500 | ||
|---|---|---|---|
| 005 | 20180803165145.0 | ||
| 008 | 140313b2003 ck ao |r|||| 00| 0 spa d | ||
| 040 |
_aCO-BoIAVH _cCO-BoIAVH |
||
| 041 | 0 | _aspa | |
| 044 | _ack | ||
| 082 | 0 | 4 |
_a333.917 _bC81p |
| 110 | 2 | _aCorporación Autónoma Regional del Río Grande de la Magdalena | |
| 245 | 1 | 0 |
_bEl POMIM _aPlan de ordenamiento y manejo integrado la cuenca del río Grande de la Magdalena y la gestión de Cormagdalena |
| 260 |
_aBarrancabermeja : _bCORPOMAGDALENA, _c2003. |
||
| 300 |
_a32 páginas : _bilustraciones, fotografías a color ; _c28 x 22 cm. |
||
| 650 | 6 | _aPlan de ordenamiento territorial | |
| 650 | 4 | _aPlanes de ordenamiento ambiental | |
| 650 | 6 | _aManejo integral de cuencas | |
| 650 | 6 | _aCuencas hidrográficas | |
| 650 | 6 | _aTransporte por aguas continentales | |
| 662 |
_aColombia _cRío Magdalena |
||
| 662 |
_aColombia _cCuenca media y baja del río Magdalena |
||
| 662 |
_aColombia _cRío Cauca |
||
| 942 |
_cLIBRO _2ddc |
||
| 999 |
_c4134 _d4134 |
||